Verkehrshochbauten: TIGER - MEng Course in Transport Infrastructure in GERman /

Salvato in:
Dettagli Bibliografici
Altri autori: Bilčík, Juraj, 1947- (Relatore della tesi)
Natura: Libro
Lingua:tedesco
Pubblicazione: Györ: Széchenyi István Föiskola Györ, 1996
Bratislava: Slovenská technická univerzita, 1996
Edizione:Umdruck 1996
Soggetti:
Tags: Aggiungi Tag
Nessun Tag, puoi essere il primo ad aggiungerne!!

MARC

LEADER 00000nam a22000003a 4500
001 0014348
003 SK-STU
005 20160510115521.4
007 ta
008 160510s ----xo-----e------000-0-----d
040 |a STU  |b slo 
041 0 |a ger  |h ger 
044 |a xo  |a hu  |a gw  |a au  |a ne 
100 1 |a Bilčík, Juraj,  |d 1947-  |u 010110  |4 ths  |r Z1  |U SvF Stavebná fakulta  |T SvF Katedra betónových konštrukcií a mostov  |X 998  |U V110  |Y 11  |7 A000000998 
245 1 0 |a Verkehrshochbauten:  |b TIGER - MEng Course in Transport Infrastructure in GERman /  |c škol. Juraj Bilčík 
250 |a Umdruck 1996 
260 |a Györ:   |b Széchenyi István Föiskola Györ,  |c 1996 
260 |a Bratislava:  |b Slovenská technická univerzita,   |c 1996 
300 |a 170 s. 
500 |a Publikácia je súčasťou súboru prednášok vydaných v rámci projektu TEMPUS-TIGER - Bratislava-Györ 1995-1997 č. 08348-94 
650 0 7 |a pozemné stavby 
650 0 7 |a základy 
650 0 7 |a konštrukčné systémy 
650 0 7 |a železničné stavby 
650 0 7 |a domy parkovacie 
996 |b 284V037040  |c V* 2320/sc-16  |l VVT  |s A  |a 24  |w 0014348_0001